000 00549nam a2200181Ia 4500
005 20230206132915.0
008 131103s9999 xx 000 0 und d
040 _aLoreto College
041 _aEnglish
082 _a823.5
_bSWI-BUL
100 _aBullitt,John M.
245 _aJonathan Swift and the anatomy of satire
_b a study of satiric technique
_cJohn M.Bullitt
260 _aCambridge
_bHarvard University Press
_c1966
300 _aviii,214 p.
504 _aIncludes bibliographical references and index
850 _aLCLIB
942 _cBK
999 _c5643
_d56122